Tư liệu tham khảo văn học Việt Nam : 1945 - 1954 /

Shranjeno v:
Bibliografske podrobnosti
Glavni avtor: Nguyễn Văn Long
Drugi avtorji: Trần Hữu Tá
Format: Sách giấy
Jezik:Vietnamese
Izdano: Hà Nội : Giáo dục , 1981
Oznake: Označite
Brez oznak, prvi označite!
Thư viện lưu trữ: Thư viện Trường Đại học Đà Lạt
LEADER 00640nam a2200253 4500
001 DLU020017289
005 ##3/26/2001
020 # # |a 978- 
041 # # |a vie 
082 # # |a 895.922  |b NG-L 
100 # # |a Nguyễn Văn Long 
245 # # |a Tư liệu tham khảo văn học Việt Nam :  |b 1945 - 1954 /  |c Nguyễn Văn Long, Trần Hữu Tá 
260 # # |a Hà Nội :  |b Giáo dục ,  |c 1981 
300 # # |a 292 tr.;   |c 21 cm. 
700 # # |a Trần Hữu Tá 
992 # # |a 28700 
994 # # |a DLU 
900 # # |a False 
911 # # |a Administrator 
925 # # |a G 
926 # # |a A 
927 # # |a SH 
980 # # |a Thư viện Trường Đại học Đà Lạt